00527nam a22001577a 4500003000900000005001700009008004100026040001300067100002200080245005600102250000600158260002000164300002000184490002400204520014100228IT-RoPau20220918175942.0130218b xxu||||| |||| 00| 0 eng d cIT-RoPau aSpoletini, Benito aLa Famiglia Paolina in 50 parole.bQuaderni Paolini aI aRomabSSPc1998 a24+1 pp.c21 cm aQuaderni PaolinivI aIndice Presentazione Qualcosa di più di...50 parole! Frasi significative di Don Giacomo Alberione Amò la Chiesa Bibliografia minima